书目信息 |
| 题名: |
竞技体操训练学
|
|
| 作者: | 郑吾真 , 陆保钟 著 | |
| 分册: | ||
| 出版信息: | 北京 北京体育大学出版社 1990 |
|
| 页数: | 552页 | |
| 开本: | 20cm | |
| 丛书名: | ||
| 单 册: | ||
| 中图分类: | G832.02 | |
| 科图分类: | ||
| 主题词: | 体操 | |
| 电子资源: | ||
| ISBN: | 7-81003-334-4 | |
| 000 | 00585nam0 2200205 45 | |
| 001 | 0405051176 | |
| 005 | 20040505111430.4 | |
| 010 | @a7-81003-334-4@dCNY3.65 | |
| 100 | @a20040505d1990 km y0chiy0120 ea | |
| 101 | 0 | @achi |
| 105 | @a z 000yy | |
| 200 | 1 | @a竞技体操训练学@AJing Ji Ti Cao Xun Lian Xue@f郑吾真,陆保钟著@FZheng Wu Zhen,Lu Bao Zhong Zhu |
| 210 | @a北京@c北京体育大学出版社@d1990 | |
| 215 | @a552页@d20cm | |
| 606 | 0 | @a体操 |
| 690 | @aG832.02@v3 | |
| 701 | 0 | @a郑吾真@4著 |
| 701 | 0 | @a陆保钟@4著 |
| 801 | @aCN@bTSTCL@c20040505 | |
| 905 | @f4@b238928-931@dG832.02@e30 | |
| 竞技体操训练学/郑吾真,陆保钟著.-北京:北京体育大学出版社,1990 |
| 552页;20cm |
| ISBN 7-81003-334-4:CNY3.65 |
| ● |
| 相关链接 |
|
|
|
|
正题名:竞技体操训练学
索取号:G832.02/30
 
预约/预借
| 序号 | 登录号 | 条形码 | 馆藏地/架位号 | 状态 | 备注 |
| 1 | 0238928 | 000993214 | 密集书库/ [索取号:G832.02/30] | 在馆 | |
| 2 | 0238929 | 000993223 | 密集书库/ [索取号:G832.02/30] | 在馆 | |
| 3 | 0238930 | 000993232 | 密集书库/ [索取号:G832.02/30] | 在馆 | |
| 4 | 0238931 | 000993170 | 密集书库/ [索取号:G832.02/30] | 在馆 | |
| 5 | 0238932 | 000993241 | 第一样本阅览室/ [索取号:G832.02/30] | 在馆 |